01533nam a2200433 i 450000100060000000300080000600500170001400600190003100700150005000800410006503500230010603500240012903500250015303500210017804000310019905000200023008000080025008200120025811000190027024500420028926400490033130000400038033600310042033700330045133800430048449000360052750000230056358801250058659001640071165000130087565000170088865000140090565000180091965500270093779700190096483000370098385600620102099900170108293698FlNmELB20241217172224.0m o d | cr cnu||||||||140901s2014 ag o 001 0 spa d a(MiAaPQ)EBC3219515 a(Au-PeEL)EBL3219515 a(CaPaEBR)ebr10853708 a(OCoLC)991918708 aFINmELBbspaerdacFINmELB 4aQC23bE382 2014 a5310 a5302232 aEl Cid Editor.10aElectricidad /ceditor El Cid Editor. 1aCórdoba :bEl Cid Editor / apuntes,c2014. a1 recurso en línea (99 páginas) atextobtxt2rdacontent/spa acomputadorabc2rdamedia/spa arecurso en líneabcr2rdacarrier/spa1 aPrácticas de Física General aContiene índice. aDescripción basada en recurso en línea; Título de la página del título en PDF (e-libro, visto August 1, 2014). aRecurso electrónico. Santa Fe, Arg.: e-libro, 2015. Disponible vía World Wide Web. El acceso puede estar limitado para las bibliotecas afiliadas a e-libro. 0aPhysics. 0aElectricity. 4aFísica. 4aElectricidad. 4aLibros electrónicos.2 ae-libro, Corp. 0aPrácticas de Física General.40uhttps://elibro.net/ereader/politecnicointernacional/30548 c93698d93698